Nucleation theory and applications. Vol. 3: Selected aspects of new particle formation in the Earth atmosphere: organic aerosol formation and pre-nucleation molecular clustering (Запись № 11533981)

Подробности
000 -МАРКЕР
контрольное поле 01740nam2a2200301 4500
001 - ИДЕНТИФИКАТОР ЗАПИСИ
контрольное поле RU\NLR\BIBL_A\011406364
005 - ИДЕНТИФИКАТОР ВЕРСИИ
контрольное поле 20250626061506.0
010 ## - МЕЖДУНАРОДНЫЙ СТАНДАРТНЫЙ НОМЕР КНИГИ (ISBN)
Номер (ISBN) 978-5-9530-0462-6
Тираж 100
021 ## - НОМЕР ГОСУДАРСТВЕННОЙ РЕГИСТРАЦИИ
Код страны Российская Федерация
Номер 2017-37056
Номер Листа государственной регистраци 2713
035 ## - ДРУГИЕ СИСТЕМНЫЕ НОМЕРА
Идентификатор записи (NLR Aleph) 011406364
100 ## - ДАННЫЕ ОБЩЕЙ ОБРАБОТКИ
Данные общей обработки 20170615d2016 |||y0rusy50 ca
101 0# - ЯЗЫК РЕСУРСА
Язык текста, звукозаписи и т.д. английский
Язык резюме русский
102 ## - СТРАНА ПУБЛИКАЦИИ ИЛИ ПРОИЗВОДСТВА
Страна публикации Российская Федерация
105 ## - ПОЛЕ КОДИРОВАННЫХ ДАННЫХ: ТЕКСТОВЫЕ МАТЕРИАЛЫ, МОНОГРАФИЧЕСКИЕ
Кодированные данные о монографическом текстовом документе a z 000zy
200 1# - ЗАГЛАВИЕ И СВЕДЕНИЯ ОБ ОТВЕТСТВЕННОСТИ
Основное заглавие Selected aspects of new particle formation in the Earth atmosphere: organic aerosol formation and pre-nucleation molecular clustering
Первые сведения об ответственности Olaf Hellmuth
210 ## - ПУБЛИКАЦИЯ, РАСПРОСТРАНЕНИЕ И ДР.
Дата издания, распространения и т.д. 2016
Место издания, распространения и т.д. Б. м.
215 ## - ФИЗИЧЕСКАЯ ХАРАКТЕРИСТИКА
Специфическое обозначение материала и объем VIII, 456 c.
Другие сведения о физической характеристике ил.
320 ## - ПРИМЕЧАНИЯ О НАЛИЧИИ В ДОКУМЕНТЕ БИБЛИОГРАФИИ / УКАЗАТЕЛЯ
Текст примечания Библиогр.: c. 443-456
461 #0 - УРОВЕНЬ НАБОРА
Встроенное поле 001RU\NLR\b_ik\203844
-- 2001#$aNucleation theory and applications$especial issues$eReview series on selected topics of atmospheric sol formation$fOlaf Hellmuth, Vitaly I. Khvorostyanov, Judith A. Curry [et al.]$gJürn W.P. Schmelzer a. Olaf Hellmuth (ed.)$gJoint inst. for nuclear research$vVol. 3
Системный номер (АБИС) связанной записи 9785058
Место публикации Dubna
Дата публикации 2013
Первые сведения об ответственности Olaf Hellmuth, Vitaly I. Khvorostyanov, Judith A. Curry [et al.]
Имя издателя, распространителя и т.д. JINR
Сведения, относящиеся к заглавию special issues : Review series on selected topics of atmospheric sol formation
Заглавие Nucleation theory and applications
Номер тома Vol. 3
541 1# - ПЕРЕВОД ЗАГЛАВИЯ, СДЕЛАННЫЙ КАТАЛОГИЗАТОРОМ
Заглавие Избранные аспекты образования новых частиц в атмосфере Земли: образование органических аэрозолей и пренуклеация молекулярной кластеризации
606 1# - НАИМЕНОВАНИЕ ТЕМЫ КАК ПРЕДМЕТ
Наименование темы Аэрозоли атмосферные
Тематический подзаголовок Образование
Системный номер авторитетной/нормативной записи 2316695
Идентификатор авторитетной/нормативной записи RU\NLR\AUTH\6601611425
686 1# - ИНДЕКСЫ ДРУГИХ КЛАССИФИКАЦИЙ
Индекс Д232.2
701 #1 - ИМЯ ЛИЦА - АЛЬТЕРНАТИВНАЯ ОТВЕТСТВЕННОСТЬ
Начальный элемент ввода Hellmuth
Часть имени, кроме начального элемента ввода O.
Расширение инициалов личного имени Olaf
942 ## - ДОПОЛНИТЕЛЬНЫЕ ЭЛЕМЕНТЫ ЗАПИСИ (АБИС)
Тип экземпляра АБИС Книга
980 ## - КОЛЛЕКЦИЯ
Название коллекции Национальная библиография
Экземпляры
Тип экземпляра Дата поступления Источник поступления Библиотека постоянного хранения Библиотека текущего хранения Место хранения Шифр хранения Штрих-код Статус экземпляра
Книга 15.06.2017 Обязательный экземпляр РНБ (Московский) РНБ (Московский) Иностранный книжный фонд Ик 2013-7/882 1-1895137